000 00506nam a2200205Ia 4500
005 20250923150335.0
008 008 250917s9999 xx 000 0 eng d
037 _aReference
040 _aDSWL
_beng
_cDSWL
041 _aeng
_2eng
084 _qDSWL
100 _aGovernmen Of India
_9844888
245 0 _aIndia 2014
_cby Governmen Of India
260 _aNew Delhi
_bNew Delhi
_c2014
300 _a1106p.
365 _aINR
_b350
925 _g350
942 _cREF
999 _c1462374
_d1462374